00701nam a22001937a 4500003000500000005001700005008004100022010001000063011001000073035001000083040000900093100002500102245012400127260004100251300001100292502013400303650003400437650003600471CHAP20220329141707.0971013s1971 r 00010 d a72319 a73291 a82848 cCHAP00aAguirre Luna, Oscar. aEstudio de correlación, regresión y análisis de frecuencias para los datos meteorológicos de Montemorelos, N.L. a(Monterrey, N.L.) :bEl autor,c1971 a144 h. aTesis (M.C. Esp. en Uso y Conservación del Agua) -- ITESM. Div. de Ciencias Agropecuarias y Martítimas. Programa de Graduados14aMeteorologíaxNuevo León.14aObservaciones meteorológicas.